000 00691nam a2200289Ia 4500
005 20260324122925.0
008 008 260324s9999 xx 000 0 eng d
020 _a9781315598161
037 _aEBOOK
040 _aCRL
040 _beng
040 _cCRL
041 _2eng
041 _aeng
084 _qCRL
100 _aPeter Dirksmeier; Ilse Helbrecht
_91168346
245 0 _aNew Urbanism
245 0 _bLife, Work, and Space in the New Downtown
260 _bTaylor and Francis
260 _c2012
365 _a
365 _b240
856 _uhttp://www.taylorfrancis.com/books/9781315598161
942 _cEBOOK
999 _c1761429
_d1761429